Introduction to plant biochemistry

Αποθηκεύτηκε σε:
Λεπτομέρειες βιβλιογραφικής εγγραφής
Κύριος συγγραφέας: Goodwin, T. W. (Trevor Walworth)
Άλλοι συγγραφείς: Mercer, E. I. (Eric Ian)
Μορφή: Βιβλίο
Γλώσσα:English
Δημοσίευση: Oxford : Pergamon , 1983
Έκδοση:2nd ed.
Σειρά:Pergamon international library of science, technology, engineering, and social studies
Θέματα:
Ετικέτες: Προσθήκη ετικέτας
Δεν υπάρχουν, Καταχωρήστε ετικέτα πρώτοι!

MARC

LEADER 00000pam a2200000 i 4500
001 1/77946
008 970317s1983 eng d
020 |a 0-08-024921-3 
035 |l 10004462 
040 |a GR-MY-UA  |b gre  |e aacr 
041 0 |a eng 
082 0 |a 581.192 
100 1 |a Goodwin, T. W.  |q (Trevor Walworth) 
245 1 0 |a Introduction to plant biochemistry /  |c T. W. Goodwin; E. I. Mercer 
250 |a 2nd ed. 
260 |a Oxford :   |b Pergamon ,   |c 1983 
300 |a ix, 677 σ., [7] φύλλα πινάκων;  |b εικ.;  |c 26 εκ. 
490 1 |a Pergamon international library of science, technology, engineering, and social studies 
504 |a Περιέχει βιβλιογραφικές παραπομπές και ευρετήριο 
650 0 0 |a Botanical chemistry. 
700 1 |a Mercer, E. I.  |q (Eric Ian) 
830 0 |a Pergamon international library of science, technology, engineering, and social studies 
852 |a INST  |b LESVOS  |e 19970317  |h 581.192 GOO  |p 005100011786  |q 005100011786  |t BK  |y 0 
909 |a Λ  |b 005720